| 000 | 02414nam a2200397 i 4500 | ||
|---|---|---|---|
| 001 | 193188 | ||
| 003 | SpMaBN | ||
| 005 | 20250719025403.0 | ||
| 007 | ta | ||
| 008 | 230930s2022 sp a | |||| 000 0aspa | ||
| 017 |
_aM 25507-2022 _bOficina Depósito Legal Madrid |
||
| 020 | _a9788413844701 | ||
| 035 | _aa7198154 | ||
| 040 |
_aSpMaBN _bspa _cSpMaBN _erda _dEs-MaACL |
||
| 080 | _a929 Ruiz de la Prada, Ágatha | ||
| 080 | _a687.01 Ruiz de la Prada, Ágatha | ||
| 100 | 1 |
_aRuiz de la Prada, Ágatha, _d1960- _eaut _9234284 |
|
| 245 | 1 | 0 |
_aMi historia / _cÁgatha Ruiz de la Prada ; con la colaboración de Pedro Narváez |
| 250 | _aTercera edición: enero de 2023 | ||
| 264 | 1 |
_aMadrid : _bLa Esfera de los Libros, _c2023 |
|
| 300 |
_a323 páginas, 40 páginas de láminas (color y negro) ; _c24 cm |
||
| 336 |
_aTexto _2rdacontent |
||
| 337 |
_asin mediación _2rdamedia |
||
| 338 |
_avolumen _2rdacarrier |
||
| 500 | _aÍndice | ||
| 520 | _aSoy Agatha Ruiz de la Prada, diseñadora, una de las musas de la Movida, marquesa de Castelldosríus, baronesa de Santa Pau y grande de España. Me encanta trabajar y hacer planes. Mi marca tiene éxito desde hace más de treinta años. Mis diseños se reconocen en todo el mundo y han desfilado en las mejores pasarelas. Creo que en casi todas las casas ha habido algún producto con un corazón fucsia o alguna flor creados por mí. Soy feminista. Fui una de las responsables para acabar con la ley que discriminaba a la mujer frente al varón en la sucesión de los títulos nobiliarios. Desde la cuna me he relacionado con el poder. En un momento dado salvé a un hombre del ostracismo social. Luego, me salvé a mí misma de vivir a la sombra por ser mujer y haber pasado de los cuarenta. Ahora, soy cualquier cosa menos una mujer invisible. Esta es la historia que nunca conté… | ||
| 600 | 1 | 4 |
_aRuiz de la Prada, Ágatha, _d1960- _9234284 |
| 655 | 7 |
_aAutobiografías _9226823 |
|
| 700 |
_aNarváez, Pedro, _d1964- _9234285 |
||
| 852 |
_aEs-MaACL _9200564 _bR.154595 _jN-9354 _cDEPOJ _gDedicatoria autógrafa de la autora _hDonación: Ágatha Ruiz de la Prada _xEncuadernación rústica con solapas |
||
| 942 |
_n0 _cMONOGRAFIA |
||
| 999 |
_c193188 _d193188 |
||